MARC

LEADER 00000nam0a2200000 4500
001 257732
005 20231101233230.0
010 |a 5020080136 
035 |a (RuTPU)RU\TPU\book\280549 
090 |a 257732 
100 |a 20140418d1987 k y0rusy50 ca 
101 0 |a rus 
102 |a RU 
105 |a y z 001zy 
200 1 |a Историко-философский ежегодник, 87  |f Академия наук СССР (АН СССР), Институт философии (ИФ) ; под ред. Н. В. Мотрошилова 
210 |a Москва  |c Наука  |d 1987 
215 |a 344 с. 
320 |a Библиогр.: с. 331-339. 
606 1 |a Философия  |x История  |2 stltpush  |3 (RuTPU)RU\TPU\subj\63881  |9 80813 
610 1 |a марксистско-ленинская философия 
610 1 |a домарксистская философия 
610 1 |a западная философия 
610 1 |a русская философия 
610 1 |a история 
686 |a Ю3  |v LBC/SL-A  |2 rubbk 
702 1 |a Мотрошилов  |b Н. В.  |4 340 
712 0 2 |a Академия наук СССР (АН СССР)  |b Институт философии (ИФ)  |2 stltpush  |3 (RuTPU)RU\TPU\col\11338 
801 1 |a RU  |b 63413507  |c 20140418 
801 2 |a RU  |b 63413507  |c 20141006  |g RCR 
942 |c BK